Orla Gartland Discography - Statistics

General Stats
  • This quiz has been taken 16 times
    13 since last reset
  • The average score is 22 of 52
Answer Stats
Album Song % Correct
Why Am I Like This? - EP Why Am I Like This?
100%
You're Not Special, Babe
73%
You're Not Special, Babe - live at Middle Farm studios
73%
Backseat Driver
64%
Bloodline / Difficult Things
64%
Bloodline / Difficult Things - live in Dublin
64%
Codependency
64%
Everybody Needs a Hero
64%
I Go Crazy
64%
I Go Crazy (Acoustic)
64%
Late to the Party (feat. Declan McKenna)
64%
Little Chaos
64%
Freckle Season Did It to Myself
55%
More Like You
55%
More Like You - acoustic
55%
More Like You (Piano Version)
55%
Pretending
55%
Zombie!
55%
Figure It Out
45%
Kiss Ur Face Forever
45%
Mine
45%
New Friends
45%
oh GOD
45%
Simple
45%
Three Words Away
45%
Between My Teeth
36%
Everybody Needs a Hero Both Can Be True
36%
Roots EP Roots
36%
Fall In Love With A Girl (with Cavetown)
36%
Flatline
36%
Inevitable
36%
Lonely People Lonely People
36%
Overthinking (Demo)
36%
Over Your Head
36%
Sound of Letting Go
36%
The Hit
36%
Heavy
27%
Human
27%
Left Behind
27%
Over Your Head - SASAMI remix
27%
Woman on the Internet Things That I've Learned
27%
Woman on the Internet (Anniversary Edition) Afterlife - demo
18%
Do You Mind?
18%
Get Back
18%
Madison
18%
Madison (Orla & Friends Version)
18%
Singles Shapeshifting (with Great Good Fine Ok)
18%
Souvenirs
18%
Whispers
18%
Who Am I?
18%
Clueless
9%
Empty Man
9%
No matching quizzes found
Score Distribution
Percent of People with Each Score
Percentile by Number Answered
Your Score History
You have not taken this quiz since the last reset